000 00785nam a2200217Ia 4500
999 _c40067
_d40067
001 6673
003 GE_BSU
005 20191120173334.0
008 181216s1984||||g |||||||||||||| ||geo||
040 _cGE_BSU
041 _ageo
080 _a82-93 გ-15
100 _aგათენაძე, ბექირ.
_95493
245 _aმზე და ბიჭი :
_bლექსები /
_cბექირ გათენაძე ; რედ. ზ. ფირცხალაიშვილი.
264 _aბათუმი :
_bსაბჭ.აჭარა,
_c1984.
300 _a58 გვ. ;
_c17 სმ.
653 _aლექსები
653 _aმზე და ბიჭი
700 _aფირცხალაიშვილი, ზ.
_93678
942 _cBK
_2udc